000 00435nam a22001817a 4500
003 NUST
020 _a978-1-25-906484-5
038 _akhadija
082 _a658.54
_bFRE
100 _aFreivalds, Andris
_986106
245 _aNiebel's Methods, Standards, And Work Design
250 _a12th
260 _aNew Delhi :
_bMcGraw Hill ,
_c2013.
300 _a722 p. ;
_b24 cm.
500 _aPaperback.
563 _aPB
942 _cBK
_2ddc
999 _c33780
_d33780